000 00303nam a22001337a 4500
008 171018b xxu||||| |||| 00| 0 eng d
020 _a0135483549
041 _aeng
080 _a338
100 _a53
101 _aMEN
245 _aMANAGING A CONTEMPORARY INTRODUCTION
_cMASSIE,J,L
942 _2udc
_cBK
999 _c34563
_d34563